मीरा: जीवन और काव्य / (Record no. 111968)

MARC details
000 -LEADER
fixed length control field 01054nam a22002657a 4500
005 - DATE AND TIME OF LATEST TRANSACTION
control field 20170124102932.0
010 ## - LIBRARY OF CONGRESS CONTROL NUMBER
LC control number 936007
020 ## - INTERNATIONAL STANDARD BOOK NUMBER
Terms of availability 02.00
035 ## - SYSTEM CONTROL NUMBER
System control number 936007
037 ## - SOURCE OF ACQUISITION
Source of stock number/acquisition Cen Lib/Ret
040 ## - CATALOGING SOURCE
Original cataloging agency DPL
Language of cataloging HN
082 ## - DEWEY DECIMAL CLASSIFICATION NUMBER
Classification number 821.08
Item number शर्मा
100 ## - MAIN ENTRY--PERSONAL NAME
Personal name शर्मा ,रामगोपाल दिनेश
9 (RLIN) 45280
245 ## - TITLE STATEMENT
Title मीरा: जीवन और काव्य /
Statement of responsibility, etc रामगोपाल शर्मा दिनेश
246 ## - VARYING FORM OF TITLE
Title proper/short title meera : jeevan or kavya
Remainder of title by Ramgopal sharma Dinesh
260 ## - PUBLICATION, DISTRIBUTION, ETC. (IMPRINT)
Place of publication, distribution, etc इन्दौर
Name of publisher, distributor, etc कमल प्रकाशन
Date of publication, distribution, etc 1978
270 ## - ADDRESS
Address 54,प्रिंस यशवंत रोड
City इन्दौर
300 ## - PHYSICAL DESCRIPTION
Extent 148पृष्ठ.
Dimensions 21सेमी (सजिल्द )
650 ## - SUBJECT ADDED ENTRY--TOPICAL TERM
Topical term or geographic name as entry element हिंदी साहित्य
9 (RLIN) 45281
650 ## - SUBJECT ADDED ENTRY--TOPICAL TERM
Topical term or geographic name as entry element मीरा का काव्य
9 (RLIN) 42569
650 ## - SUBJECT ADDED ENTRY--TOPICAL TERM
Topical term or geographic name as entry element Hindi literature
9 (RLIN) 45282
650 ## - SUBJECT ADDED ENTRY--TOPICAL TERM
Topical term or geographic name as entry element Mira 's Poetry
9 (RLIN) 45283
700 ## - ADDED ENTRY--PERSONAL NAME
9 (RLIN) 7856
942 ## - ADDED ENTRY ELEMENTS (KOHA)
Source of classification or shelving scheme Dewey Decimal Classification
Koha item type Hindi Books
Classification part 821.08
Call number suffix शर्मा
Holdings
Withdrawn status Lost status Damaged status Not for loan Home library Current library Date acquired Source of acquisition Cost, normal purchase price Total Checkouts Full call number Barcode Date last seen Date checked out Copy number Cost, replacement price Price effective from Koha item type
        Central Library Central Library 06/08/2015 Cen Lib/Ret 2.00 2 821.08 शर्मा 936007 31/03/2019 12/03/2019 1 2.00 06/08/2015 Hindi Books

© Delhi Public Library
Hit Counter
free hit counter